00472nam a2200169 a 450000100060000000300090000600800410001504000280005608200170008410000290010124500510013025000060018126000410018730000110022849000370023965000260027611233CO-ViMGA141112s2004 ck r 000 u spa d aCO-ViMGAbspacCO-ViMGA04aCo868.6 G65i1 aGomez Valderrama, Pedro 10aLos infiernos del jerarca Brown y otros textos a1 aMedellin, cEditorial Lealon, c1984 a218 p. aColección literaria, volumen 214aLITERATURA COLOMBIANA